Logo BPK

Biblioteka

Politechniki Koszalińskiej

Elektromagnitnyj metod analisa sloistych poluprowodnikowych i metalliceskich struktur / (Rekord nr 21041)

Szczegóły MARC
000 -ETYKIETA REKORDU
podpole kontrolne o stałej długości 00511nam a2200169 i 4500
001 - NUMER KONTROLNY REKORDU
pole kontrolne bg
040 ## - ŹRÓDŁO KATALOGOWANIA
Instytucja, która utworzyła rekord BPK
041 ## - KOD JĘZYKA
Kod języka tekstu pol
080 ## - UNIWERSALNA KLASYFIKACJA DZIESIĘTNA - UKD
UKD 621.31:537.6/.8:621.35
008 - POLE O STAŁEJ DŁUGOŚCI - DANE KONTROLNE
podpole kontrolne o stałej długości s pl f |000 0 pol
100 1# - NAZWA OSOBOWA
Nazwa osobowa GRIGULIS, JUris G.
245 #0 - TYTUŁ/ODPOWIEDZIALNOŚĆ
Tytuł Elektromagnitnyj metod analisa sloistych poluprowodnikowych i metalliceskich struktur /
Pozostałe elementy strefy tytułu i oznaczenia odpowiedzialności Juris] G. Grigulis.
260 ## - STREFA ADRESU WYDAWNICZEGO
Miejsce wydania Riga :
Nazwa wydawcy/dystrybutora Izdat. "Zinathe",
Data publikacji, dystrybucji/powstania dokumentu 1970.
300 ## - STREFA OPISU FIZYCZNEGO
Objętość s. 271 :
Inne cechy fizyczne rys., tab., tabl. nlb. 2.
500 ## - UWAGI OGÓLNE
Tekst uwagi [Alf. ros.].
856 ## - LOKALIZACJA I DOSTĘP DO ELEKTRONICZNYCH DOKUMENTÓW ZDALNYCH
Link (URL) http://koha.tu.koszalin.pl/cgi-bin/koha/opac-detail.pl?biblionumber=21041
Tekst linku Katalog online BPK
942 ## - DODATKOWE ELEMENTY (KOHA)
Typ dokumentu Książka
Egzemplarze
Wycofany Status egzemplarza Uszkodzony Dostępność Lokalizacja stała Lokalizacja bieżąca Miejsce przechowywania Sygnatura Kod kreskowy Typ dokumentu
      Dostępny Biblioteka Politechniki Koszalińskiej Biblioteka Politechniki Koszalińskiej Wypożyczalnia BG 29538 01604313 Książka
© 2023 Biblioteka Politechniki Koszalińskiej :: KOHA